|
|
|
|
| LEADER |
01070nam a2200265 a 4500 |
| 001 |
GR-Patra6927 |
| 008 |
991022s gr 000 0 gre d |
| 020 |
|
|
|a 9607151259
|
| 040 |
|
|
|a GrPaTEI
|b gre
|c GR-PaULI
|
| 245 |
0 |
0 |
|a Οικογενειακά πρότυπα και προσωπικότητα.
|
| 260 |
|
|
|a Αθήνα :
|b Στάχυ,
|c c 1994
|
| 300 |
|
|
|a 263σ. :
|b διαγρ.
|
| 500 |
|
|
|a Τίτλος πρωτοτύπου: Familjemonster och personligkeit
|
| 650 |
|
4 |
|a Οικογένεια
|
| 650 |
|
4 |
|a ΟΙΚΟΓΕΝΕΙΑΚΟ ΠΕΡΙΒΑΛΛΟΝ
|
| 650 |
|
4 |
|a ΠΡΟΣΩΠΙΚΟΤΗΤΑ
|
| 653 |
|
|
|a ΟΙΚΟΓΕΝΕΙΑ - ΣΧΕΣΕΙΣ
|
| 700 |
1 |
|
|a Martensen-Larsen, Oluf
|
| 700 |
1 |
|
|a Sorrig, Kirsten
|
| 700 |
1 |
|
|a Γκέκας, Βασίλης
|
| 710 |
0 |
|
|a Στάχυ
|
| 942 |
|
|
|2 ddc
|
| 952 |
|
|
|0 0
|1 0
|2 ddc
|4 0
|6 306_870000000000000_MAR
|7 0
|9 288256
|a LISK
|b LISK
|c BSC
|d 2021-01-17
|e 24
|f 0
|g 0.00
|l 0
|o 306.87 MAR
|p 92410010487
|r 2021-01-17 00:00:00
|t 1
|w 2021-01-17
|y BK15
|x 19991024 0 1
|x GrPaTEI
|
| 971 |
|
|
|a .b26544416
|b 16-04-20
|c 23-09-16
|
| 999 |
|
|
|c 168112
|d 168112
|